000 01187nam a2200325 i 4500
001 bg
245 0 0 _aDevelopment trends in design of machines and vehicles :
_bproceedings of the X Polish-German Seminar, Warswa, October 20-21, 1998 /
_cWarsaw University of Technology. Faculty of Automobiles and Heavy Machinery Engineering, Cologne University of Applied Sciences.
260 _aWarszawa :
_b"MET",
_ccop. 1999.
300 _a169 s. :
_bfot., rys., wykr. ;
_c24 cm.
500 _aNazwa wydawcy w cop.
500 _aStreszcz.pol.
504 _aBibliogr. przy ref.
650 9 _aMaszyny
_xzagadnienia
650 9 _aCiągniki
_xzagadnienia
650 9 _aRowery
_xzagadnienia
650 9 _aPojazdy szynowe
650 9 _aPękanie
650 9 _aKoła zębate
650 9 _aElektrownie słoneczne
655 _aMateriały konferencyjne
710 0 _aWarsaw University of Technology
_bFaculty of Automobiles and Heavy Machinery Engineering
710 0 _aCologne University of Applied Sciences
020 _a8386082089
040 _cBPK
041 w _aende
_bpl
080 _a62(061)
920 _a83-86082-08-9
942 _cKS
008 s pl f |000 0 pol
999 _c39104
_d39104
856 _uhttp://koha.tu.koszalin.pl/cgi-bin/koha/opac-detail.pl?biblionumber=39104
_yKatalog online BPK